| 000 | 00389nam a2200145Ia 4500 | ||
|---|---|---|---|
| 008 | 210210b1987 xxu||||| |||| 00| 0 eng d | ||
| 082 | _a535 KAKO | ||
| 100 | _aKAKANI (S L) & BHANDARI (K C). | ||
| 245 | _aOptics with electromagnetic waves and atomic physics. | ||
| 260 |
_aN D _bSultan Chand & Sons _c1987 |
||
| 300 | _avii,440 | ||
| 650 | _aOptics | ||
| 690 | _aOptics | ||
| 906 | _a045013 | ||
| 999 |
_c94506 _d94506 |
||